| 000 | 00736nam a2200229Ia 4500 | ||
|---|---|---|---|
| 005 | 20241129110233.0 | ||
| 008 | 241129s9999||||xx |||||||||||||| ||und|| | ||
| 020 | _a978-90-04-40431-1 | ||
| 037 | _aTB | ||
| 040 |
_aARTS _beng _cARTS |
||
| 041 |
_aeng _2eng |
||
| 084 |
_aO111,3N56:g R0 _qARTS |
||
| 100 |
_aDe Asis Ed.; Vescovi Alessandro Ed. _9727535 |
||
| 245 | 0 |
_aAmitav Ghosh's culture chromosome: anthropology, epistemology, ethics, space _cDe Asis Ed.; Vescovi Alessandro Ed. |
|
| 260 |
_aLeiden, UK _bLeiden Brill _c2021 |
||
| 300 | _axxvi,341p. | ||
| 365 |
_aEUR _b125 |
||
| 490 | _aCross / cultures; 216 | ||
| 650 |
_aEnglish Fictiojn _9727536 |
||
| 942 |
_cTB _hO111,3N56:g R0 |
||
| 999 |
_c1227837 _d1227837 |
||